000 00412nab a2200145Ia 4500
003 ES-SlBCS
005 20210601131737.0
008 140529s1952 xxu||||| |||| 00| 0 fre d
041 _afre
100 1 _aMartel, Pierre-Albin
_9188289
245 0 0 _aClemenceau au Viet-Nam
_c Pierre-Albin Martel
651 4 _aVietnam
_9127116
773 0 _tVie Intelectuelle (La)
_gnº. 7, 1952, págs. 92-95
_wRev907
942 _cAR
999 _c568038
_d568038